[Event "Leon Masters 25th"]
[Site "Leon"]
[Date "2012.06.10"]
[Round "5"]
[White "Vallejo Pons, Francisco"]
[Black "Topalov, Veselin"]
[Result "1-0"]
[WhiteElo "2697"]
[BlackElo "2752"]
[Annotator "Estremera,S/Mellado,J"]
[PlyCount "107"]
[EventDate "2012.06.08"]
[EventType "match (rapid)"]
[EventRounds "6"]
[EventCountry "ESP"]
[SourceTitle "CBM 148 Extra"]
[Source "ChessBase"]
[SourceDate "2012.06.22"]
[SourceVersion "1"]
[SourceVersionDate "2012.06.22"]
[SourceQuality "1"]

{La jornada final promete un gran espéctaculo ajedrecístico pleno de
emoción y lucha sin cuartel.} 1. e4 c5 2. Nf3 d6 3. d4 cxd4 4. Nxd4 Nf6 5. Nc3
a6 {De nuevo la Najdorf} 6. Qf3 {Una subvariante cuyo mejor defensor es el
inglés Nigel Short} g6 7. h3 Bg7 8. Bg5 Qa5 9. Be3 {Nos encontramos en una
posición inédita} O-O 10. O-O-O Nc6 {Creemos que las negras, como mínimo,
han igualado} 11. Kb1 {Necesaria tarde o temprano} Bd7 $6 {Siendo una jugada
natural nos parece que no es lo mejor.} ({Es típica en estas posiciones} 11...
Be6 $5 {sin miedo a doblar los peones en "e" ya que se controlaría la
importante casilla "d5" y cobra vida la torre de "f8"}) 12. Nb3 {Con el alfil
negro en "e6" dispondriamos de Axb3!?} Qc7 13. g4 Ne5 {Existiendo múltiples
posibilidades nos gusta} ({Más flexible es} 13... Rac8 {que mantiene abiertas
varias posibilidades}) 14. Qg2 {Posiblemente la dama blanca esté mejor aquí
cuando suceda el temible ataque blanco} Be6 $2 ({Tiene mucha lógica} 14... Nc4
15. Bxc4 Qxc4 {con idea de a5-a4 etc}) 15. f4 Nc4 16. Bd4 $1 ({Mejor que} 16.
Bxc4 Bxc4 {porque las piezas negras estarían menos expuestas en el flanco de
rey. Ahora el ataque blanco parece imparable}) 16... Rac8 {Topalov no debe
estar cómodo ya que le restan 17 min por 39 min de Vallejo} 17. f5 $1 Bd7 {
Estas jugadas dubitativas con el alfil solo sirvieron para que el blanco
ganara tiempos en el ataque} 18. Bxc4 ({Con} 18. g5 {también la posición
negra es desesperada} Nh5 19. Nd5 Qd8 20. Bxg7 Kxg7 21. Qf2) 18... Qxc4 19. g5
Nh5 20. Na5 $1 {Existen varias jugadas ganadoras pero, Paco efectúa lo más
duro.} Qxd4 ({Desesperación.Es para llorar} 20... Qb4 21. Nd5 Qxa5 22. Nxe7+
Kh8 23. f6) 21. Rxd4 Bxd4 22. Nd5 {Ventaja decisiva del blanco} Rfe8 23. Rd1
Bg7 ({Tras} 23... Be5 24. Nb6 Rc7 25. Nac4 Bg7 26. Qf3 {las negras podrían
abandonar}) 24. Qf3 {Mejorando la dama y apoyando un resolutivo "f6"} Bc6 25.
Nxc6 $1 {De nuevo lo más fuerte} bxc6 26. Nxe7+ $1 Rxe7 27. f6 Bxf6 28. gxf6
Re6 29. Qa3 Nxf6 30. Rxd6 ({Por supuesto también gana} 30. Qxa6) 30... Rxe4
31. b3 ({Es incluso más precisa} 31. Qa5) 31... Re1+ 32. Kb2 Ne4 33. Qa5 Nxd6
34. Qxe1 Kf8 35. Qe5 Rd8 36. Qa5 Ke7 37. Qxa6 Rc8 38. a4 c5 39. Qa7+ Kd8 40. a5
Rc7 41. Qa8+ Kd7 42. a6 Nc8 43. Qd5+ Ke7 {Topalov continúa por inercia} 44. c3
Nb6 45. Qe5+ Kd7 46. Qf6 Nc8 47. Qxf7+ Kc6 48. Qf6+ ({Una bonita variante es} 
48. Qe6+ Nd6 49. c4 Rd7 50. Qxd7+ Kxd7 51. a7) 48... Kb5 49. c4+ Ka5 50. Qd8 ({
Otra hermosa línea es} 50. b4+ cxb4 51. Qd8 Kb6 52. c5+ Kc6 53. Kb3 {como en
la partida}) 50... Kb6 51. b4 cxb4 52. c5+ Kc6 53. Kb3 g5 54. Kc4 {Y Topalov
dejó de sufrir. !!Felicidades a Paco!!} 1-0

[Event "Leon Masters 25th"]
[Site "Leon"]
[Date "2012.06.10"]
[Round "6"]
[White "Topalov, Veselin"]
[Black "Vallejo Pons, Francisco"]
[Result "1-0"]
[WhiteElo "2752"]
[BlackElo "2697"]
[Annotator "Estremera,S/Mellado,J"]
[PlyCount "121"]
[EventDate "2012.06.08"]
[EventType "match (rapid)"]
[EventRounds "6"]
[EventCountry "ESP"]
[SourceTitle "CBM 148 Extra"]
[Source "ChessBase"]
[SourceDate "2012.06.22"]
[SourceVersion "1"]
[SourceVersionDate "2012.06.22"]
[SourceQuality "1"]

{Con el match decidido a favor del GM español, Veselin Topalov debe intentar
al menos dejar el marcador en una honrosa derrota por la mínima} 1. d4 Nf6 2.
c4 e6 3. Nc3 Bb4 4. Qc2 O-O 5. e4 {Una variante secundaria que encierra
bastante veneno} ({Forma parte del repertorio de casi todos los "grandes" la
continuación} 5. a3 Bxc3+ 6. Qxc3 b6) 5... d6 ({La continuación que goza de
mayor prestigio según la teoría es} 5... d5 6. e5 Ne4) 6. a3 Bxc3+ 7. bxc3 e5
8. Bd3 c5 9. Ne2 Nc6 10. d5 {Hemos alcanzado una posición característica de
la Defensa Nimzoindia, las blancas disponen de la pareja de alfiles y más
espacio, a cambio las negras mantienen bloqueada la estructura e inician el
cerco a la debilidad blanca en c4. Los interesados en estudiar esta estructura
clásica pueden consultar el libro que Ivan Sokolov dedicó hace un par de
años a este tema.} Na5 11. Ng3 ({Clavar con} 11. Bg5 {sería contrarrestado
con} h6 12. Bh4 g5 13. Bg3 Nh5) 11... Nd7 12. Rb1 $5 ({Si} 12. O-O Nb6 {
y contra} 13. Qe2 {las negras tendrían} Nb3) 12... Re8 $5 {habilita la
casilla f8 para maniobrar con elcaballo hacia el flanco de rey} 13. O-O b6 {
Las negras podrán, en el momento oportuno, atacar la debilidad estructural
blanca desde a6} 14. Nf5 Nf8 15. Ne3 Ng6 16. Re1 $6 ({Las blancas debían tal
vez impedir el salto del caballo con} 16. g3) 16... Nf4 17. Bf1 Rf8 18. f3 g6
19. g3 Nh5 20. Bd3 {Controlando la ruptura f5} Kh8 21. Rb2 {Prosigue el lento
maniobrar típico de estas posiciones; las blancas preparan el traslado de la
torre por la segunda fila hacia territorios del flanco de rey} Bh3 {Un momento
importante, las negras abandonan definitivamente la posibilidad Ba6, lo que
deja al caballo de "a5" sin objetivos y muy alejado del escenario donde se van
a desarrollar los acontecimientos.} 22. Ng4 f6 23. Kh1 Qe7 24. Qb1 {Dando paso
a la torre sin perder el control sobre f5} Rae8 25. Rbe2 Qf7 26. Bh6 Rg8 27.
Bd2 Rgf8 28. Rg1 Re7 29. Ree1 Qe8 30. Qd1 {La dama blanca controla así una
posible incursión de su homóloga en a4} Ng7 ({No resulta satisfactorio} 30...
b5 31. cxb5 c4 32. Qa4 $1) 31. Bh6 ({La alternativa evidente es} 31. Nf2 Bd7 {
y ahora no ofrece ventaja la ruptura} 32. f4 {por} Ba4 33. Qe2 exf4 34. gxf4
Qd7 {y las negras mantienen su posición intacta}) 31... Bxg4 $1 32. fxg4 g5 {
Bloqueando completamente la posición} 33. h4 Qg6 34. Bxg7+ ({El intento de
obtener un bastión en la casilla f5 para una torre con} 34. hxg5 fxg5 35.
Bxg7+ Kxg7 36. Rgf1 Rxf1+ 37. Rxf1 Qe8 ({pero no la perdedora} 37... Nxc4 $2
38. Bxc4 Qxe4+ 39. Qf3 $1) 38. Rf5 h6 {No debe inquietar al las negras}) 34...
Kxg7 35. Rgf1 h6 ({Vallejo podía incluso luchar por la iniciativa jugando} 
35... gxh4 $1 36. gxh4 Qh6 $1) 36. Rf2 Kg8 37. hxg5 hxg5 38. Rh2 Rh7 39. Rh5 {
Último intento de mantener viva la lucha, pero la posición negra es
inexpugnable} Qe8 40. Kg2 Kg7 41. Reh1 Rfh8 42. Qf3 Qg6 43. Qe2 Kf8 44. Bc2 Ke7
45. R1h2 Nb7 46. Bd1 Na5 47. Qd3 Kf7 48. Bf3 Kg7 49. Qf1 Kf7 50. Kf2 Kg7 51.
Ke3 Qe8 52. Be2 Qg6 {La única esperanza de Topalov es el apuro de tiempo que
se avecina} 53. Qd1 Qe8 54. Qh1 Rxh5 $6 {Finalmente, Paco decide que ha
llegado su momento !en el peor momento!} 55. gxh5 Qa4 $2 {Dejando solo a su
rey ante las fuerzas enemigas} 56. h6+ Kf7 57. Qf1 $6 ({Más fuerte resulta} 
57. Qf3 $1) 57... Qxa3 $4 ({Era menester desandar el camino para atender a los
suyos} 57... Qd7) 58. Qf5 {Ahora el rey negro no escapará a la peor de las
suertes} Qxc3+ 59. Kf2 Qd4+ 60. Kg2 Qd2 61. Qd7+ {Y Topalov obtiene un
merecido premio a su tenaz porfía.} 1-0

[Event "EU-Cup 28th"]
[Site "Eilat"]
[Date "2012.10.11"]
[Round "1.3"]
[White "Topalov, Veselin"]
[Black "Eljanov, Pavel"]
[Result "0-1"]
[WhiteElo "2751"]
[BlackElo "2681"]
[Annotator "Eljanov,P"]
[PlyCount "148"]
[EventDate "2012.10.11"]
[EventType "team-swiss"]
[EventRounds "7"]
[EventCountry "ISR"]
[SourceTitle "CBM 151"]
[Source "ChessBase"]
[SourceDate "2012.11.13"]
[SourceVersion "1"]
[SourceVersionDate "2012.11.13"]
[SourceQuality "1"]
[WhiteTeam "SOCAR"]
[BlackTeam "Ashdod"]
[WhiteTeamCountry "AZE"]
[BlackTeamCountry "ISR"]

1. Nf3 d5 2. d4 Nf6 3. c4 c6 4. e3 Bg4 5. h3 Bh5 6. Nc3 {Again like in my game
vs Bu from the last round of the Olympiad my opponent postpones Qb3 and gives
me the extra option with ...Qc7} e6 7. g4 Bg6 8. Ne5 Nbd7 9. Nxg6 hxg6 10. Bd2
g5 11. Qb3 Qc7 $5 {And again I decided to step into completely unknown
territory instead of the usual paths.} (11... Qb6 12. Bg2 Be7 {and after some
transpositions we have dozens of games in this position.}) 12. Bg2 Be7 13. cxd5
$5 ({In the event of} 13. Rc1 {I would probably play in the same manner as in
the game vs Bu:} Qb6 $5 {In the only game in my database Black was very much
ok:} 14. cxd5 Qxb3 15. axb3 exd5 16. f3 Nf8 17. Kf2 Ne6 18. Ne2 Kf8 19. b4 g6
20. Ra1 Kg7 21. Nc1 Nd7 22. Rd1 f5 23. Bc3 Bf6 24. Bf1 a6 25. Nb3 Raf8 26. Kg2
Rf7 27. Bd3 Bd8 28. Rh1 {1/2 (28) Bercys,S (2418)-Paragua,M (2476) Irvine 2010}
) 13... exd5 14. O-O-O Nb6 {Solid.} (14... b5 {I think such agression is a bit
premature here} 15. Kb1 Nb6 16. Qc2 b4 17. Ne2 Nc4 18. f4 $5 $36) 15. e4 $6 {
After long thought. It was rather unexpected as I was almost sure that Veselin
would play 15.Kb1 almost immediately. Indeed the move in the game is a bit
premature.} ({After} 15. Kb1 $1 {Black should play carefully:} a5 (15... O-O-O
16. e4 Nxe4 17. Bxe4 dxe4 18. Qxf7 Bf6 19. Qg6 $14) (15... Nc4 16. Bc1 Qb6 17.
e4 Qxb3 18. axb3 Nb6 19. f3 $14) 16. e4 Nxe4 (16... a4 17. Qc2 Nxe4 18. Nxe4
dxe4 19. Qxe4 Kf8 20. h4 Nc4 21. Bc3 gxh4 22. d5 cxd5 23. Rxd5 a3 24. b3 Nd6
25. Qd3) 17. Nxe4 dxe4 {this is a much better version for White, but Black is
still solid enough.} 18. Rde1 $5 (18. Bxe4 a4 (18... Kf8 19. a4 Kg8 20. Rhf1
$14) 19. Qc2 Qd8 $132) 18... a4 19. Qc2 Kf8 20. Rxe4 Nd5 {White has some
pressure, but Black should hold it.}) 15... Nxe4 16. Nxe4 dxe4 17. Rhe1 Nd5 $1
{After this simple move my position becomes even more pleasant.} 18. Rxe4 O-O-O
19. Qa4 Kb8 ({I saw} 19... Qh2 {but there was no reason to calculate as my
position is good enough} 20. Qxa7 Qxg2 21. Qa8+ Kc7 22. Rxe7+ $1 Nxe7 23. Ba5+
b6 24. Qa7+ Kc8 25. Bxb6 Qh2 26. Qxe7 Rd7 $11) 20. Ba5 Nb6 ({Again I could play
} 20... b6 21. Bd2 Qh2 {but here White has a decent positional compensation
for the pawn.} 22. Bf1 Qxf2 23. Kb1 Rd6 24. Bc4 $44) 21. Qb3 Bf6 22. Kb1 Rd5
23. Bb4 Rhd8 24. Bc5 R5d7 25. Bf1 Be7 {I decided to clarify the position.} (
25... Nd5 $5) 26. Rde1 Bxc5 27. dxc5 Nd5 $15 {Now it's clear that the black
knight is clearly stronger then the bishop. Black's advantage is insignificant
but on the other hand it's rather unpleasant to defend the position for the
weaker side.} 28. a3 Nf4 29. Ka2 f6 30. Re8 Ng6 $1 {A nice knight transfer to
the best square on the board.} 31. R1e6 Ne5 32. Ba6 Kc8 33. Bc4 Rxe8 34. Rxe8+
Rd8 35. Re6 ({I think without rooks White has fewer problems:} 35. Be6+ Kb8 36.
Rxd8+ Qxd8 37. Bf5 a5 $15) 35... Rd4 36. Re8+ Rd8 37. Re6 Kb8 $1 {I didn't
consider a threefold repetition - just win a little bit of time.} 38. Qc3 $6 ({
White should play carefully} 38. Kb1 Ka8 39. Qc3 a6 40. Be2 Ka7 {where his
defence is still unpleasant.}) 38... a6 39. Be2 Ka7 $6 (39... Qf7 $1 {I saw
this move but with few minutes left on the clock I decided to not force
matters.} 40. Bc4 (40. Qb3 Nd7 41. Re3 Qf8 $17) 40... Nxc4 (40... Qf8 $5) 41.
Qxc4 Rh8 $1 {I saw this move also but I wasn't sure about the evalution in
this endgame. I got more or less the same position in the game finally.} 42. f4
gxf4 43. Qxf4+ Ka7 44. Qc4 Rxh3 $17) 40. Bc4 $6 {In time trouble this position
is really difficult to hold.} (40. Qb4 {was the best try but it's impossible
to calculate} Rd5 (40... Ka8 $5) 41. Re8 Nd7 42. Re7 $8 Re5 43. Rxg7 Rxe2 44.
Qd4 Qe5 45. Rxd7 Qe6+ 46. Kb1 Qb3 47. Qc3 Qxc3 48. bxc3 Rxf2 {and after
several only moves White has a worse endgame which is probably holdable.})
40... Rd1 41. Re8 Qd7 {Not a bad decision which leads to a technically winning
position, but I had another stronger possibility.} (41... Nd3 $1 42. a4 a5 43.
Kb3 Nxc5+ 44. Kc2 Rd8 {with an easy win.}) 42. Rg8 Nd3 $1 43. Bxd3 Rxd3 44. Qc4
Rxh3 45. Rf8 Rd3 $1 46. Rf7 Qd4 47. Qxd4 Rxd4 48. f3 a5 $5 {I was very proud
about this intermediate move which is limiting White's possibilities. But in
fact it looks like the position is winning in any case.} (48... Rf4 49. Rxg7
Rxf3 50. b4 a5 51. bxa5 (51. b5 cxb5 52. c6 Kb6 53. c7 (53. cxb7 Ka7 $19) 53...
Rc3 54. Rf7 Rxc7 55. Rxf6+ Rc6 56. Rf5 Rc5 57. Rf6+ Ka7 $19) 51... Rc3 52. Rf7
Rxc5 53. Rxf6 Rc4 54. Kb3 Rxg4 $19) 49. Rxg7 Rf4 50. Rf7 Rxf3 51. a4 Rf4 52.
Ka3 Kb8 $1 {It's very strange that Houdini doesn't understand this endgame at
all and doesn't see a difference between several possibilities.} ({It was not
too late to make a mistake:} 52... Rxg4 $2 53. Rxf6 Rf4 (53... Kb8 54. Rg6 $1)
(53... Rg3+ 54. b3 g4 55. Rg6 Rg1 56. Rg8 g3 57. Ka2 {this is probably drawn})
54. Rg6 Rf5 55. b4 Rf3+ 56. Kb2 axb4 57. Rxg5 b6 (57... Rc3 58. Rg4 $15) 58.
cxb6+ Kxb6 59. a5+ Kc7 60. Rg4 $1 c5 61. Rg6 {and Black can't make progress.})
53. Rf8+ Kc7 54. Rf7+ Kc8 55. b3 Rxg4 56. Rxf6 Rf4 ({I could play immediately} 
56... Rb4 $1) 57. Rg6 g4 58. Rg7 (58. Rg8+ Kd7 59. Rg7+ Ke6 60. Rxb7 Rf7 $19)
58... Rb4 $1 {The point of my winning plan. Now my king can go to the other
side of the board without there being any barriers.} 59. Kb2 Kd8 60. Kc3 Ke8
61. Rh7 Kf8 62. Kd2 Rxb3 63. Rh8+ Kf7 64. Ra8 Ke6 65. Rxa5 Kd5 66. Ra7 Kxc5 67.
a5 g3 68. Ke2 Kc4 69. a6 bxa6 70. Rxa6 c5 71. Rg6 Kb4 72. Rg4+ c4 73. Kd1 Rb1+
74. Kc2 Rg1 0-1

[Event "Norway Chess 1st"]
[Site "Stavanger"]
[Date "2013.05.13"]
[Round "5"]
[White "Nakamura, Hikaru"]
[Black "Topalov, Veselin"]
[Result "1/2-1/2"]
[WhiteElo "2775"]
[BlackElo "2793"]
[Annotator "Marin,M"]
[PlyCount "75"]
[EventDate "2013.05.08"]
[EventType "tourn"]
[EventRounds "9"]
[EventCountry "NOR"]
[EventCategory "21"]
[SourceTitle "CBM 155"]
[Source "ChessBase"]
[SourceDate "2013.07.16"]
[SourceVersion "1"]
[SourceVersionDate "2013.07.16"]
[SourceQuality "1"]

1. e4 c5 2. Nf3 d6 3. d4 cxd4 4. Nxd4 Nf6 5. Nc3 a6 6. Be2 e6 7. Be3 Be7 8. g4
d5 {A radical attempt to prevent the typical kingside attack. Black has a wide
range of alternatives in the true spirit of the Scheveningen variation, while
now play takes on the contours of the Rubinstein French Defence.} (8... h6) (
8... Nc6 9. g5 Nd7 {Bologan,V (2585)-Atalik,S (2585)/Timisu de Sus 1998/EXT
2002/[Atalik] (1-0, 58)}) (8... b5 9. g5 Nfd7 10. a3 $5 Bxg5 11. Qd2 Bf6 12.
O-O-O Bb7 13. Rhg1 Nc5 14. e5 Bxe5 15. Ndxb5 $40 {Ivanchuk,V (2739)-Negi,P 
(2634)/Peristeri 2010/CBM 137 Extra (1-0, 21)}) 9. exd5 Nxd5 10. Nxd5 Qxd5 11.
Bf3 Qa5+ 12. Qd2 Qxd2+ 13. Bxd2 {A superficial glance would suggest the
following evaluation: White has an advance in development and kingside space
advantage. However, the latter will turn into a drawback, allowing Black to
catch up in development.} Nd7 14. O-O-O Ne5 {Now is when the drawbacks of the
early g2-g4 come to tell: with the pawn on g3, White could retreat with his
bishop to g2, preventing Black's queenside development.} 15. Be2 Bd7 16. f4 {
1/2 Tiviakov,S (2628)-Nielsen,P (2626)/Esbjerg 2002/CBM 091} Nc6 $146 {The
novelty consists of the fact that, unlike in the previous game, the struggle
went on for a while.} 17. Nb3 O-O-O 18. Bf3 Kc7 19. a3 Na7 20. Nd4 Nb5 21. Be3
Nxd4 22. Bxd4 Bc6 23. Rhf1 f6 24. Be2 h6 25. h4 b5 26. h5 Be4 27. Rd2 Kc6 28.
Rfd1 Rd7 29. Be3 Rxd2 30. Rxd2 e5 31. c4 b4 32. axb4 Bxb4 33. Rd1 Re8 34. fxe5
Rxe5 35. Bd2 Bxd2+ 36. Kxd2 a5 37. Ra1 Kb6 38. Kc3 1/2-1/2

[Event "Norway Chess 1st"]
[Site "Stavanger"]
[Date "2013.05.14"]
[Round "6"]
[White "Topalov, Veselin"]
[Black "Wang, Hao"]
[Result "1/2-1/2"]
[WhiteElo "2793"]
[BlackElo "2743"]
[Annotator "Marin,M"]
[PlyCount "63"]
[EventDate "2013.05.08"]
[EventType "tourn"]
[EventRounds "9"]
[EventCountry "NOR"]
[EventCategory "21"]
[SourceTitle "CBM 155"]
[Source "ChessBase"]
[SourceDate "2013.07.16"]
[SourceVersion "1"]
[SourceVersionDate "2013.07.16"]
[SourceQuality "1"]

1. d4 Nf6 2. c4 e6 3. Nf3 d5 4. Nc3 c5 5. e3 dxc4 6. Bxc4 a6 7. O-O b5 8. Be2
Bb7 9. dxc5 Qxd1 10. Rxd1 Bxc5 11. Nd2 Nbd7 12. Nb3 Bb4 13. Bd2 O-O 14. a4 (14.
a3 {Kramnik,V (2801)-Tomashevsky,E (2738)/Moscow 2012/CBM 149/[Stohl,I] (1-0,
82)}) 14... bxa4 15. Nxa4 a5 16. Bxb4 axb4 17. Nac5 Bd5 18. f3 Rxa1 19. Rxa1
Rc8 20. Rc1 Bxb3 21. Nxb3 Rxc1+ 22. Nxc1 Nc5 23. Kf2 Nd5 24. e4 Nb6 25. Ke3 {
Frequently a well centralised king can make the difference in endings. Here,
it does not promise White too much, since the next move sets up an
impenetrable fortress.} e5 $1 26. b3 (26. Na2 Nba4) 26... Kf8 27. Bd1 Ke7 28.
Na2 Na6 29. Be2 Nc5 {The only square from which the bishop could defend the
b3-pawn and prevent ...Na6 is c4, but it is controlled by the reserve black
knight.} 30. Bd1 Na6 31. Be2 Nc5 32. Bd1 1/2-1/2